[Event "It (open)"]
[Site "masterchessopen.com – Piestany (Slovakia)"]
[Date "2005.11.18"]
[Round "4"]
[White "Janco Darius (SVK)"]
[Black "Durica Daniel (SVK)"]
[Result "0-1"]
[WhiteElo "1982"]
[BlackElo "2154"]

1.e4 g6 2.d4 Bg7 3.c4 d6 4.Nc3 Nf6 5.f3 O-O 6.Be3 Nc6 7.Nge2 a6 8.Qd2 Rb8 9.g4
b5 10.Ng3 e5 11.d5 Nd4 12.Bg2 bxc4 13.h4 Bxg4 14.fxg4 Nxg4 15.O-O-O c6 16.h5
Nxe3 17.Qxe3 Rxb2 18.Kxb2 Qb6+ {#R} 0-1

[Event "It (open)"]
[Site "masterchessopen.com – Nikea (Greece)"]
[Round "1"]
[White "Liargovas Dimitrios (GRE)"]
[Black "Luch Michal (POL)"]
[Result "0-1"]
[WhiteElo "1848"]
[BlackElo "2332"]

1.d4 Nf6 2.c4 g6 3.Nc3 Bg7 4.e4 d6 5.f3 O-O 6.Be3 Nc6 7.Nge2 a6 8.Qd2 Rb8
9.O-O-O b5 10.g4 bxc4 11.h4 Nb4 12.Ng3 c5 13.d5 Nxg4 14.fxg4 Bxc3 15.bxc3 Qa5
16.cxb4 Qa3+ 17.Kb1 c3 18.Qc1 Rxb4+ 19.Ka1 c2 20.Qxc2 Qxe3 21.Qd3 Qf2 22.Qc3
Bxg4 23.Rb1 Rxb1+ 24.Kxb1 Rb8+ 25.Ka1 Bf3 26.Rh3 Bxe4 {#R} 0-1

[Event "Tournament (weekend) \"]
[Site "masterchessopen.com – Torino (Italy)"]
[Round "5"]
[White "Astengo Marcello (ITA)"]
[Black "Faraoni Enrico (ITA)"]
[Result "1-0"]
[WhiteElo "2110"]
[BlackElo "2117"]

1.d4 Nf6 2.c4 g6 3.Nc3 Bg7 4.e4 d6 5.f3 O-O 6.Be3 Nc6 7.Nge2 a6 8.Qd2 Rb8
9.Rc1 Bd7 10.Ng3 e5 11.d5 Nd4 12.Nge2 c5 13.dxc6 bxc6 14.Nxd4 exd4 15.Bxd4 Re8
16.Be2 d5 17.exd5 cxd5 18.O-O Qa5 19.Rfd1 dxc4 20.Bxc4 Bc6 21.Qf4 Rxb2 22.Bxf6
Bxf6 23.Qxf6 Qc5+ 24.Rd4 Rb7 25.Qd6 Qg5 26.Qf4 Qc5 27.Nd5 Rd8 28.Bb3 Qa5
29.Nf6+ {#r} 1-0

[Event "It (open) \"]
[Site "masterchessopen.com – Moscow (Russia)"]
[Date "2006.02.08"]
[Round "2"]
[White "Zhou Jianchao (CHN)"]
[Black "Harutjunyan Gevorg (ARM)"]
[Result "1-0"]
[WhiteElo "2522"]
[BlackElo "2388"]

1.d4 g6 2.c4 Bg7 3.Nc3 d6 4.e4 Nf6 5.f3 O-O 6.Be3 a6 7.Qd2 Nc6 8.Nge2 Rb8
9.Rc1 Bd7 10.Nd1 e6 11.Nf2 b5 12.c5 Ne8 13.g3 dxc5 14.Rxc5 Nd6 15.b3 b4 16.Bg2
Nb5 17.f4 Ne7 18.O-O Bc6 19.g4 Qd7 20.g5 Nd6 21.Rfc1 Rb5 22.R5c2 Qe8 23.Ng3
Rb6 24.Ng4 Kh8 25.d5 exd5 26.Bxb6 cxb6 27.Nf6 Qa8 28.e5 Nb5 29.Qxb4 {#r} 1-0

[Event "It (open) \"]
[Site "masterchessopen.com – Moscow (Russia)"]
[Date "2006.02.15"]
[Round "9"]
[White "Gromova Iulia (RUS)"]
[Black "Bogachkov Igor (RUS)"]
[Result "0-1"]
[WhiteElo "2235"]
[BlackElo "2275"]

1.d4 Nf6 2.c4 g6 3.Nc3 Bg7 4.e4 d6 5.f3 O-O 6.Be3 Nc6 7.Qd2 a6 8.Nge2 Rb8 9.h4
b5 10.h5 e5 11.d5 Na5 12.Ng3 Nxc4 13.Bxc4 bxc4 14.Rc1 Bd7 15.Nb1 c6 16.Na3
cxd5 17.exd5 e4 18.h6 Bh8 19.Nxc4 exf3 20.gxf3 Rb5 21.O-O Rxd5 22.Qf2 Bb5
23.b3 Nh5 24.Ne4 f5 25.Bg5 Qd7 26.Nb6 fxe4 27.Nxd7 Rxg5+ 28.Kh2 Bxd7 29.Qh4
Be5+ 30.f4 Rxf4 31.Qxg5 Rf5+ {#R} 0-1

[Event "It (open)"]
[Site "masterchessopen.com – Reykjavik (Iceland)"]
[Date "2006.03.07"]
[Round "2"]
[White "Knutsson Larus (ISL)"]
[Black "Vasilevich Tatjana (UKR)"]
[Result "0-1"]
[WhiteElo "2130"]
[BlackElo "2396"]

1.e4 g6 2.d4 Bg7 3.c4 d6 4.Nc3 Nf6 5.f3 O-O 6.Be3 Nc6 7.Qd2 a6 8.Nge2 Rb8
9.Ng3 e5 10.d5 Nd4 11.Bxd4 exd4 12.Nce2 c5 13.dxc6 bxc6 14.Nxd4 Qb6 15.Nb3 d5
16.exd5 cxd5 17.c5 Qc7 18.Bd3 Re8+ 19.Ne2 a5 20.Rc1 Ng4 21.fxg4 a4 22.O-O axb3
23.a3 Bxg4 24.Kh1 Qe5 25.Nc3 Qe3 26.Qxe3 Rxe3 27.h3 Bxh3 28.Ba6 {#R} 0-1

[Event "Ch Russia (juniors) (under 14)"]
[Site "masterchessopen.com – Dagomys (Russia)"]
[Round "4"]
[White "Azarov Vladimir (RUS)"]
[Black "Smirnov Artem (RUS)"]
[Result "1-0"]
[WhiteElo "2113"]
[BlackElo "2375"]

1.d4 Nf6 2.c4 g6 3.Nc3 Bg7 4.e4 d6 5.f3 O-O 6.Be3 Nc6 7.Nge2 a6 8.Qd2 Rb8
9.Rb1 b5 10.cxb5 axb5 11.b4 Nd7 12.d5 Nce5 13.Nd4 Nb6 14.Bxb5 Bd7 15.Qe2 Bxb5
16.Ncxb5 Nbc4 17.f4 Nxe3 18.fxe5 dxe5 19.Nc6 Qd7 20.Nxb8 Rxb8 21.Qxe3 Qxb5
22.Qe2 Qb6 23.Qd3 f5 24.Rf1 c5 25.dxc6 Rd8 26.Qc4+ Kh8 27.Qc5 {#r} 1-0

[Event "Ch Russia (juniors) (under 18)"]
[Site "masterchessopen.com – Dagomys (Russia)"]
[Round "8"]
[White "Magomedov Murad (RUS)"]
[Black "Nurmukhanov Timur (RUS)"]
[Result "0-1"]
[WhiteElo "2298"]
[BlackElo "2271"]

1.d4 Nf6 2.c4 g6 3.f3 Bg7 4.e4 O-O 5.Nc3 d6 6.Be3 Nc6 7.Nge2 a6 8.Qd2 Rb8
9.Nc1 e5 10.Nb3 exd4 11.Nxd4 Ne5 12.Be2 c5 13.Nc2 Be6 14.Na3 Qc7 15.O-O Rfd8
16.h3 Nc6 17.f4 Re8 18.Rad1 Nd4 19.Bd3 b5 20.cxb5 Nxb5 21.Naxb5 axb5 22.Bxb5
Red8 23.f5 Bxa2 24.Bg5 Rf8 25.Nxa2 Rxb5 26.Nc3 Rb7 27.Qxd6 Qxd6 28.Rxd6 Ne8
29.Rc6 Bd4+ 30.Kh1 Rxb2 {#R} 0-1

[Event "Ch Hungary (team) 2005/06"]
[Site "masterchessopen.com – Hungary"]
[Date "2006.04.23"]
[Round "11"]
[White "Petran Pal (HUN)"]
[Black "Tatar Kis Szabolcs (HUN)"]
[Result "1-0"]
[WhiteElo "2389"]
[BlackElo "2380"]

1.d4 Nf6 2.c4 g6 3.Nc3 Bg7 4.e4 d6 5.f3 O-O 6.Nge2 a6 7.Be3 Nc6 8.Qd2 Rb8
9.Rb1 b5 10.cxb5 axb5 11.b4 e5 12.d5 Ne7 13.Ng3 Bd7 14.Bd3 c6 15.dxc6 Bxc6
16.O-O d5 17.Bc5 d4 18.Nce2 Nd7 19.Bd6 Rc8 20.f4 f6 21.a4 Nb6 22.fxe5 Nxa4
23.Qa2+ Rf7 24.exf6 Qxd6 25.fxg7 {#r} 1-0

[Event "It"]
[Site "masterchessopen.com – Orel (Russia)"]
[Date "2006.06.26"]
[Round "11"]
[White "Meshkov Yuri A (RUS)"]
[Black "Maksimov D (UKR)"]
[Result "0-1"]
[WhiteElo "2406"]
[BlackElo "2391"]

1.d4 Nf6 2.c4 g6 3.Nc3 Bg7 4.e4 d6 5.f3 O-O 6.Be3 Nc6 7.Qd2 a6 8.Nge2 Rb8
9.Bh6 b5 10.cxb5 axb5 11.Bxg7 Kxg7 12.O-O-O e5 13.d5 Na5 14.b3 b4 15.Na4 Bd7
16.Nb2 c6 17.dxc6 Nxc6 18.Kb1 Ra8 19.Nc1 Nd4 20.Qxb4 Qc7 21.Bc4 Rfb8 22.Qd2 d5
23.Bxd5 Nxd5 24.exd5 Rxa2 25.Kxa2 Qa7+ 26.Kb1 Ra8 27.Qxd4 exd4 28.g4 Qa1+
29.Kc2 Rc8+ 30.Nc4 {#R} 0-1

[Event "Memorial Duras (open)"]
[Site "masterchessopen.com – Brno (Czech Republic)"]
[Date "2006.07.02"]
[Round "2"]
[White "Holemar David (CZE)"]
[Black "Kuchynka Lukas (CZE)"]
[Result "1-0"]
[WhiteElo "2270"]
[BlackElo "2158"]

1.d4 Nf6 2.c4 g6 3.Nc3 Bg7 4.e4 d6 5.f3 O-O 6.Be3 Nc6 7.Nge2 a6 8.Qd2 Rb8 9.h4
h5 10.Nd5 b5 11.Nxf6+ Bxf6 12.cxb5 axb5 13.Rc1 Bd7 14.g4 e5 15.d5 Nd4 16.Nxd4
exd4 17.Bxd4 Re8 18.gxh5 gxh5 19.Rg1+ Kh7 20.Qf4 Re5 21.Kd1 {#r} 1-0

[Event "Ch Poland (juniors) (1 liga)"]
[Site "masterchessopen.com – Szklarska Poreba (Poland)"]
[Date "2006.07.03"]
[Round "3"]
[White "Sowul Bartosz (POL)"]
[Black "Goluch Piotr (POL)"]
[Result "1-0"]
[WhiteElo "1965"]
[BlackElo "1980"]

1.d4 Nf6 2.c4 g6 3.Nc3 Bg7 4.e4 d6 5.f3 O-O 6.Nge2 Nc6 7.Be3 a6 8.Qd2 Rb8 9.g4
e5 10.O-O-O b5 11.d5 Na5 12.Ng3 Nxc4 13.Bxc4 bxc4 14.Bg5 Qe8 15.h4 Nd7 16.h5
Nc5 17.Qh2 f6 18.hxg6 hxg6 19.Qh7+ Kf7 20.Rh6 fxg5 21.Qxg6+ Ke7 22.Qxg7+ Qf7
23.Qxg5+ Ke8 24.Nh5 Nd3+ 25.Rxd3 cxd3 26.Nf6+ Kd8 27.Nh7+ Ke8 28.Nxf8 Qxf8
29.Qh5+ Ke7 30.Rh7+ Kf6 31.g5# 1-0

[Event "It (open)"]
[Site "masterchessopen.com – Aviles (Spain)"]
[Date "2006.08.06"]
[Round "2"]
[White "Idrisov Tebriz (AZE)"]
[Black "Topel Zehra (TUR)"]
[Result "0-1"]
[WhiteElo "2042"]
[BlackElo "2256"]

1.d4 Nf6 2.c4 g6 3.Nc3 Bg7 4.e4 d6 5.f3 O-O 6.Be3 Nc6 7.Nge2 a6 8.Qd2 Rb8 9.d5
Ne5 10.Nd4 c5 11.dxc6 bxc6 12.Be2 c5 13.Nb3 a5 14.f4 Neg4 15.Bg1 a4 16.Nxa4
Nxe4 17.Qc2 Rxb3 18.O-O-O Rb4 19.a3 Rxa4 20.Qxa4 Ngf2 21.Bf3 Nxd1 {#R} 0-1

[Event "It (open)"]
[Site "masterchessopen.com – Trevias (Spain)"]
[Date "2006.09.12"]
[Round "2"]
[White "Geirnaert Steven (BEL)"]
[Black "Bazan Solera Manuel (ESP)"]
[Result "0-1"]
[WhiteElo "2338"]
[BlackElo "2044"]

1.d4 Nf6 2.c4 g6 3.Nc3 Bg7 4.e4 d6 5.f3 O-O 6.Be3 Nc6 7.Nge2 a6 8.Qd2 Rb8 9.h4
h5 10.Bg5 b5 11.Nf4 Nh7 12.cxb5 Nxd4 13.bxa6 Nxg5 14.hxg5 c6 15.Bc4 e6
16.O-O-O d5 17.Bd3 Qa5 18.exd5 cxd5 19.Ncxd5 Qxa2 20.Ne7+ Kh8 {#R} 0-1

[Event "Ch Europe (juniors) (under 18) (g)"]
[Site "masterchessopen.com – Herceg Novi (Montenegro)"]
[Date "2006.09.13"]
[Round "4"]
[White "Purtseladze Maka (GEO)"]
[Black "Daulyte Deimante (LTU)"]
[Result "1-0"]
[WhiteElo "2329"]
[BlackElo "2205"]

1.d4 Nf6 2.c4 g6 3.Nc3 Bg7 4.e4 d6 5.f3 Nc6 6.Be3 a6 7.Nge2 Rb8 8.Qd2 O-O
9.Nc1 e5 10.d5 Nd4 11.Nb3 Nxb3 12.axb3 c5 13.g4 h5 14.h3 Nh7 15.gxh5 Qh4+
16.Qf2 Qxh5 17.Be2 Bf6 18.h4 Be7 19.O-O-O Nf6 20.Rdg1 Kh8 21.Bg5 Re8 22.f4 Ng4
23.Bxg4 Bxg4 24.fxe5 Kg8 25.Bxe7 Rxe7 26.exd6 Rd7 27.Qf4 {#r} 1-0

[Event "Ch NRW"]
[Site "masterchessopen.com – Muelheim (Germany)"]
[Date "2006.10.09"]
[Round "3"]
[White "Frohne Gerd (GER)"]
[Black "Michalik F"]
[Result "1-0"]
[WhiteElo "2202"]
[BlackElo "2096"]

1.d4 Nf6 2.c4 g6 3.Nc3 Bg7 4.e4 d6 5.f3 O-O 6.Be3 Nc6 7.Nge2 a6 8.Qd2 Rb8 9.h4
h5 10.O-O-O b5 11.Nd5 e5 12.Nxf6+ Bxf6 13.d5 Nd4 14.Nxd4 exd4 15.Bxd4 c5 {#r}
1-0

[Event "Ch Belgrad (team) (qual. liga)"]
[Site "masterchessopen.com – Belgrade (Yugoslavia)"]
[Date "2006.10.20"]
[Round "5"]
[White "Stamenkovic Aleksandar (SRB)"]
[Black "Dena Branislav (BIH)"]
[Result "0-1"]
[WhiteElo "2239"]
[BlackElo "2295"]

1.d4 Nf6 2.c4 g6 3.Nc3 Bg7 4.e4 d6 5.f3 O-O 6.Be3 Nc6 7.Nge2 a6 8.Qd2 Rb8 9.h4
h5 10.Nc1 e5 11.d5 Nd4 12.N1e2 c5 13.dxc6 bxc6 14.Nxd4 exd4 15.Bxd4 Re8 16.Be2
d5 17.e5 c5 18.exf6 cxd4 19.fxg7 dxc3 20.bxc3 Qe7 21.cxd5 Qc5 22.Rd1 Bd7
23.Qd4 Qe7 24.Qd3 Rb2 25.Rd2 Bf5 26.Qc4 Rxd2 27.Kxd2 Qe3+ 28.Kd1 Rb8 {#R} 0-1

[Event "Memorial Maheswaranand (open)"]
[Site "masterchessopen.com – Pune (India)"]
[Date "2006.11.02"]
[Round "4"]
[White "Deshmukh Anup (IND)"]
[Black "Kamble Vikramaditya (IND)"]
[Result "1-0"]
[WhiteElo "2267"]
[BlackElo "2346"]

1.d4 Nf6 2.c4 g6 3.Nc3 Bg7 4.e4 d6 5.f3 O-O 6.Be3 Nc6 7.Nge2 a6 8.Qd2 Rb8
9.Rc1 Bd7 10.b3 b5 11.d5 b4 12.Nd1 Na5 13.Nf2 c5 14.g4 e6 15.dxe6 Bxe6 16.Rd1
Nb7 17.Bh6 Nd7 18.Bxg7 Kxg7 19.f4 f5 20.exf5 gxf5 21.g5 Nb6 22.Bg2 d5 23.cxd5
Bf7 24.d6 Re8 25.O-O Qd7 26.Ng3 Nc8 27.Qb2+ Kg8 28.Bc6 Qe6 29.Bxe8 Bxe8
30.Rfe1 Qd7 31.Rxe8+ Qxe8 32.Nxf5 {#r} 1-0

[Event "It (open) \"]
[Site "masterchessopen.com – Salekhard (Russia)"]
[Date "2006.12.07"]
[Round "9"]
[White "Riazantsev Alexander (RUS)"]
[Black "Kopylov Alexander A (RUS)"]
[Result "1-0"]
[WhiteElo "2632"]
[BlackElo "2237"]

1.d4 Nf6 2.c4 g6 3.Nc3 Bg7 4.e4 O-O 5.Be3 d6 6.f3 Nc6 7.Nge2 a6 8.Qd2 Rb8
9.Rc1 Bd7 10.Nd1 Nh5 11.g4 Nf6 12.Nf2 h5 13.h3 Kh7 14.Bg2 Qe8 15.f4 e5 16.fxe5
dxe5 17.d5 Nd8 18.Bf3 Rh8 19.gxh5 Nxh5 20.Bxh5 gxh5 21.Ng3 Kg8 22.Rg1 f6
23.Nf5 Bxf5 24.exf5 Qd7 25.Ne4 Kf8 26.Rg6 Qxf5 27.Qg2 Rg8 28.Ke2 Kf7 29.Rg1
{#r} 1-0

[Event "Ch City (1/2 final)"]
[Site "masterchessopen.com – St. Petersburg (Russia)"]
[Date "2006.12.08"]
[Round "6"]
[White "Gnidenko Andrey (RUS)"]
[Black "Gorbunov Evgeny (RUS)"]
[Result "0-1"]
[WhiteElo "2103"]
[BlackElo "2047"]

1.d4 Nf6 2.c4 g6 3.Nc3 Bg7 4.e4 d6 5.f3 O-O 6.Be3 Nc6 7.Nge2 a6 8.Qd2 Rb8
9.Nc1 e5 10.d5 Nd4 11.Nb3 Nxb3 12.axb3 c5 13.dxc6 bxc6 14.O-O-O Qa5 15.Na4
Qxd2+ 16.Rxd2 Rxb3 17.Rxd6 Rxe3 18.c5 Re1+ 19.Kd2 Ra1 20.Nb6 Be6 21.Rxc6 Rd8+
22.Ke3 Bh6+ 23.Kf2 Rd2+ {#R} 0-1

[Event "Ch City (w) (1/2 final)"]
[Site "masterchessopen.com – St. Petersburg (Russia)"]
[Date "2006.12.14"]
[Round "7"]
[White "Andreeva Yulia (RUS)"]
[Black "Linkevich Ksenia (RUS)"]
[Result "1-0"]
[WhiteElo "1940"]
[BlackElo "1907"]

1.d4 Nf6 2.c4 g6 3.Nc3 Bg7 4.e4 d6 5.Be3 O-O 6.f3 Nc6 7.Nge2 a6 8.Qd2 Rb8
9.Nc1 Bd7 10.Be2 e5 11.d5 Ne7 12.O-O b5 13.a3 Nc8 14.cxb5 axb5 15.Nd3 c5
16.dxc6 Bxc6 17.Nb4 Be8 18.Rad1 Bd7 19.Kh1 Ne8 20.f4 Nc7 21.Nd3 exf4 22.Bxf4
Ne6 23.Bg3 Rb6 24.e5 Qg5 25.Nb4 Rd8 26.exd6 Bf8 27.Ncd5 Rb7 28.Nf6+ Kg7 29.Qc3
Qc5 30.Be5 {#r} 1-0

[Event "It (open)"]
[Site "masterchessopen.com – Bethune (France)"]
[Date "2006.12.27"]
[Round "2"]
[White "Foisor Ovidiu Doru (ROM)"]
[Black "Vanderhallen Nicolas (BEL)"]
[Result "1-0"]
[WhiteElo "2422"]
[BlackElo "2175"]

1.d4 Nf6 2.c4 g6 3.Nc3 Bg7 4.e4 d6 5.f3 O-O 6.Be3 Nc6 7.Nge2 a6 8.Qd2 Rb8
9.Rb1 e5 10.d5 Ne7 11.g4 Ne8 12.h4 f5 13.g5 fxe4 14.fxe4 Bg4 15.Rg1 Qc8 16.a4
c6 17.a5 c5 18.b4 b6 19.bxc5 dxc5 20.axb6 Nd6 21.Ng3 Bf3 22.Qh2 Nef5 23.exf5
gxf5 24.Bh3 e4 25.Na4 Qe8 26.Qc2 f4 27.Bxc5 Be5 28.Be6+ {#r} 1-0

[Event "Tournament (Elo)"]
[Site "masterchessopen.com – St. Petersburg (Russia)"]
[Date "2007.01.25"]
[Round "4"]
[White "Kantsemal Kirill (RUS)"]
[Black "Bocharov Leonid (RUS)"]
[Result "1-0"]
[WhiteElo "2009"]
[BlackElo "2185"]

1.d4 Nf6 2.c4 g6 3.Nc3 Bg7 4.e4 O-O 5.f3 d6 6.Be3 Nc6 7.Nge2 a6 8.Qd2 Rb8
9.Nc1 e5 10.Nb3 exd4 11.Nxd4 Ne5 12.Be2 c6 13.O-O d5 14.Bf4 Re8 15.cxd5 cxd5
16.Nb3 Nh5 17.Bxe5 Bxe5 18.Nxd5 Nf6 19.Rfd1 Nxd5 20.exd5 Qh4 21.g3 Bxg3
22.hxg3 Qxg3+ 23.Kh1 Qh3+ 24.Kg1 Qg3+ 25.Kh1 Re5 26.f4 Qh3+ 27.Kg1 Qg3+ 28.Kh1
Rxe2 29.Qxe2 Bg4 30.Rd3 Qxf4 31.Qe3 Qf6 32.Qg3 {#r} 1-0

[Event "Czech League 2006/07 (2nd) (d)"]
[Site "masterchessopen.com – Czech Republic"]
[Date "2007.02.11"]
[Round "7"]
[White "Cerveny Martin (CZE)"]
[Black "Skaroupka Jiri (CZE)"]
[Result "1-0"]
[WhiteElo "2291"]
[BlackElo "2178"]

1.d4 Nf6 2.c4 g6 3.Nc3 Bg7 4.e4 d6 5.f3 O-O 6.Be3 Nc6 7.Qd2 a6 8.Nge2 Rb8 9.h4
h5 10.Nd5 b5 11.Bh6 bxc4 12.Nxf6+ Bxf6 13.Bxf8 Qxf8 14.Rc1 Be6 15.f4 Nb4
16.Nc3 c5 17.d5 Bd7 18.Bxc4 Bb5 19.Qe2 Qh6 20.O-O Bd4+ 21.Kh1 Bxc4 22.Qxc4 Be3
23.Rb1 Nc2 24.Ne2 Nd4 25.b4 Nxe2 26.Qxe2 Bxf4 27.Qf3 g5 28.hxg5 Bxg5 29.Qxf7+
Kh8 30.bxc5 Rg8 31.c6 Be3 32.Qxg8+ Kxg8 33.c7 {#r} 1-0

[Event "Ch City (1/2 final)"]
[Site "masterchessopen.com – Uljanovsk (Russia)"]
[Date "2007.02.13"]
[Round "4"]
[White "Sanatullin Rinat (RUS)"]
[Black "Zuev Aleksandr (RUS)"]
[Result "1-0"]
[WhiteElo "2203"]
[BlackElo "2061"]

1.d4 Nf6 2.c4 g6 3.Nc3 Bg7 4.e4 d6 5.f3 a6 6.Be3 O-O 7.Qd2 Nc6 8.Nge2 Rb8
9.Nc1 e5 10.Nb3 Bd7 11.d5 Ne7 12.c5 Nh5 13.Bd3 f5 14.O-O-O Nf4 15.Na5 Nxd3+
16.Qxd3 b6 17.cxb6 cxb6 18.Nc6 Bxc6 19.dxc6 Qc8 20.Qc4+ Kh8 21.Rxd6 fxe4
22.fxe4 b5 23.Qc5 b4 24.Nd5 Rb5 25.Qc4 Nxd5 26.Rxd5 h5 27.Rhd1 Kh7 28.Kb1 Rf6
29.Rd6 b3 30.Rxf6 bxa2+ 31.Ka1 Bxf6 32.Qf7+ Bg7 33.Rd7 {#r} 1-0

[Event "Ch Romania"]
[Site "masterchessopen.com – Amara (Romania)"]
[Date "2007.02.18"]
[Round "4"]
[White "Turlea Constantin (ROM)"]
[Black "Dragomirescu Robin (ROM)"]
[Result "0-1"]
[WhiteElo "1999"]
[BlackElo "2162"]

1.d4 Nf6 2.c4 g6 3.Nc3 Bg7 4.e4 O-O 5.f3 d6 6.Be3 Nc6 7.Nge2 a6 8.Qd2 Rb8 9.d5
Ne5 10.Nd4 c5 11.dxc6 bxc6 12.Be2 c5 13.Nb3 Rb4 14.Nd5 Rxc4 15.Nxf6+ Bxf6
16.f4 Rxe4 17.fxe5 Bxe5 18.O-O Bxb2 19.Rad1 Qc7 20.Bf3 Rxe3 21.Qxe3 c4 22.Nd4
c3 23.Rf2 e6 {#R} 0-1

[Event "Ch Extremadura (team)"]
[Site "masterchessopen.com – Extremadura (Spain)"]
[Date "2007.02.24"]
[Round "6"]
[White "Aguado Solana Juan (ESP)"]
[Black "Cabezas Ayala Ivan (ESP)"]
[Result "0-1"]
[WhiteElo "2022"]
[BlackElo "2313"]

1.d4 Nf6 2.c4 g6 3.Nc3 Bg7 4.e4 d6 5.f3 O-O 6.Be3 a6 7.Qd2 Nc6 8.Nge2 Rb8 9.g4
b5 10.Ng3 e5 11.d5 Nd4 12.Bxd4 exd4 13.Nce2 d3 14.Qxd3 bxc4 15.Qxc4 Nd7 16.Bg2
Ne5 17.Qa4 Nd3+ 18.Kf1 Qg5 {#R} 0-1

[Event "Bayern Landesliga North 2006/07"]
[Site "masterchessopen.com – Bayern (Germany)"]
[Date "2007.02.25"]
[Round "6"]
[White "Studnicka Tomas (CZE)"]
[Black "Kopp Andre (GER)"]
[Result "1-0"]
[WhiteElo "2310"]
[BlackElo "2191"]

1.d4 Nf6 2.c4 g6 3.Nc3 Bg7 4.e4 d6 5.f3 O-O 6.Be3 Nc6 7.Nge2 a6 8.Qd2 Rb8
9.Rb1 e5 10.d5 Ne7 11.Nc1 Nh5 12.b4 f5 13.a4 Kh8 14.Bd3 Ng8 15.c5 fxe4 16.Bxe4
Ngf6 17.O-O Bf5 18.N1e2 Qd7 19.Bxf5 gxf5 20.b5 axb5 21.cxd6 cxd6 22.Rxb5 f4
23.Ba7 Ra8 24.Bf2 Rg8 25.Rfb1 Bh6 26.Qd1 Rxg2+ 27.Kxg2 Rg8+ 28.Ng3 fxg3
29.hxg3 Qf5 30.Rxb7 Bf4 31.Rb8 e4 32.Rxg8+ Kxg8 33.Rb8+ Kf7 {#r} 1-0

[Event "It (open)"]
[Site "masterchessopen.com – Bad Woerishofen (Germany)"]
[Date "2007.03.12"]
[Round "5"]
[White "Graf Felix (GER)"]
[Black "Schmidt Wolfgang (GER)"]
[Result "1-0"]
[WhiteElo "2241"]
[BlackElo "2268"]

1.d4 g6 2.c4 Nf6 3.Nc3 Bg7 4.e4 d6 5.f3 O-O 6.Be3 Nc6 7.Nge2 a6 8.Qd2 Rb8
9.Rc1 Bd7 10.Nd1 e5 11.d5 Ne7 12.g3 Ne8 13.Bg2 f5 14.O-O c5 15.b4 b6 16.Rb1
Nf6 17.Nf2 Qc7 18.Nd3 Qa7 19.h3 h5 20.Rb3 Kh7 21.bxc5 bxc5 22.Qa5 h4 23.g4
fxe4 24.fxe4 Nxg4 25.hxg4 Bxg4 26.Rxb8 Qxb8 27.Qe1 Kg8 28.Nc3 h3 29.Bh1 Qc8
30.Rxf8+ Bxf8 31.Qg3 {#r} 1-0

[Event "Czech League 2006/07 (1st) West"]
[Site "masterchessopen.com – Czech Republic"]
[Date "2007.03.18"]
[Round "10"]
[White "Kucera Petr (CZE)"]
[Black "Nemcova Katerina (CZE)"]
[Result "1-0"]
[WhiteElo "2258"]
[BlackElo "2255"]

1.d4 Nf6 2.c4 g6 3.Nc3 Bg7 4.e4 d6 5.f3 O-O 6.Be3 a6 7.Qd2 Nc6 8.Nge2 Rb8 9.h4
h5 10.O-O-O b5 11.Nf4 bxc4 12.Bxc4 Rb4 13.Qe2 Kh7 14.a3 Rb8 15.e5 Ng4 16.fxg4
Bxg4 17.Qc2 Bxd1 18.Rxd1 dxe5 19.dxe5 Qe8 20.Nxh5 Bxe5 21.Nf4 Na5 22.Ba2 Qc6
23.h5 Rxb2 24.hxg6+ Kg7 25.Qxb2 Bxc3 26.Qc2 Rb8 27.Rd3 Bb2+ 28.Kd1 Qb5 29.gxf7
Rh8 30.Ne6+ {#r} 1-0

[Event "It (open)"]
[Site "masterchessopen.com – Zagreb (Croatia)"]
[Date "2007.03.18"]
[Round "2"]
[White "Simon Jozef (CRO)"]
[Black "Armanda Ivica (CRO)"]
[Result "0-1"]
[WhiteElo "2059"]
[BlackElo "2340"]

1.c4 Nf6 2.Nc3 g6 3.e4 d6 4.d4 Bg7 5.f3 O-O 6.Be3 Nc6 7.Qd2 a6 8.Nge2 Rb8
9.Ng3 e5 10.dxe5 Nxe5 11.Bh6 Bxh6 12.Qxh6 b5 13.cxb5 axb5 14.O-O-O b4 15.Nd5
Nxd5 16.exd5 Ra8 17.Rd4 f5 18.Rxb4 Rxa2 19.Kb1 c5 20.dxc6 Qa5 21.Qf4 Be6
22.Be2 Rc8 23.Bb5 Nxc6 24.Ra4 Qxb5 25.Rxa2 Bxa2+ 26.Kxa2 {#R} 0-1

[Event "Ch City"]
[Site "masterchessopen.com – Duisburg-Rheinhausen (Germany)"]
[Date "2007.03.30"]
[Round "7"]
[White "Kukuk Christian"]
[Black "Visser Dirk (GER)"]
[Result "0-1"]
[WhiteElo "1894"]
[BlackElo "2229"]

1.d4 g6 2.c4 Bg7 3.Nc3 d6 4.e4 Nf6 5.f3 O-O 6.Be3 Nc6 7.Nge2 a6 8.Qd2 Rb8
9.Nc1 e5 10.d5 Nd4 11.N1e2 c5 12.dxc6 Nxc6 13.Ng3 Be6 14.Bh6 Bxh6 15.Qxh6 Nd4
16.O-O-O b5 17.h4 bxc4 18.Rd2 Qa5 19.Nf5 Bxf5 20.exf5 Nxf5 21.Qg5 Kg7 22.Ne4
Nxe4 23.fxe4 c3 {#R} 0-1

[Event "Ch Mecklenburg-Vorpommern"]
[Site "masterchessopen.com – Mecklenburg-Vorpommern (Germany)"]
[Date "2007.04.08"]
[Round "7"]
[White "Roehl Rainer (GER)"]
[Black "Laser Dirk (GER)"]
[Result "1-0"]
[WhiteElo "2170"]
[BlackElo "2028"]

1.d4 Nf6 2.c4 g6 3.Nc3 Bg7 4.e4 d6 5.f3 O-O 6.Be3 Nc6 7.Nge2 a6 8.Qd2 Rb8 9.h4
b5 10.h5 Na5 11.Ng3 Nxc4 12.Bxc4 bxc4 13.Bh6 Bxh6 14.Qxh6 g5 15.O-O-O {#r} 1-0

[Event "It (open)"]
[Site "masterchessopen.com – Gorzow Wlkp (Poland)"]
[Date "2007.04.09"]
[Round "7"]
[White "Reimanis Ritvars (LAT)"]
[Black "Hagesaether Ellen (NOR)"]
[Result "0-1"]
[WhiteElo "2147"]
[BlackElo "2234"]

1.d4 Nf6 2.c4 g6 3.Nc3 Bg7 4.e4 O-O 5.f3 d6 6.Be3 a6 7.Qd2 Nc6 8.Nge2 Rb8
9.Nc1 e5 10.d5 Nd4 11.Nb3 Nxb3 12.axb3 c5 13.b4 cxb4 14.Na4 b5 15.cxb5 axb5
16.Qxb4 Ne8 17.Nc3 Bh6 18.Bxh6 Qh4+ 19.g3 Qxh6 20.Be2 Bh3 21.Kf2 f5 22.exf5
Bxf5 23.Ra7 g5 24.Ke1 g4 25.fxg4 Qe3 26.Ra1 Bd3 27.Rd1 Bc4 28.Rd2 Ra8 29.Nd1
Ra1 30.Rf1 Rxf1+ 31.Kxf1 Rxd1+ {#R} 0-1

[Event "It (open)"]
[Site "masterchessopen.com – Reykjavik (Iceland)"]
[Date "2007.04.13"]
[Round "2"]
[White "Asbjornsson Ingvar (ISL)"]
[Black "Buckley Graeme (ENG)"]
[Result "0-1"]
[WhiteElo "2020"]
[BlackElo "2378"]

1.d4 Nf6 2.c4 g6 3.Nc3 Bg7 4.e4 d6 5.f3 O-O 6.Be3 a6 7.Qd2 Nc6 8.Nge2 Rb8
9.Nc1 e5 10.d5 Nd4 11.Nb3 c5 12.dxc6 bxc6 13.Nxd4 exd4 14.Bxd4 Re8 15.O-O-O
Qa5 16.g4 c5 17.Be3 Bxg4 18.Be2 Nxe4 19.fxe4 Bxe2 20.Nxe2 Bxb2+ 21.Qxb2 Rxb2
22.Kxb2 Rxe4 23.Rd3 Rxe3 24.Rxe3 Qd2+ 25.Kb3 Qxe3+ 26.Nc3 Qh3 27.a4 h5 {#R}
0-1